Представление документа в формате RUSMARC

ПолеНазваниеЗначение
  Тип записи a
  Библиографический уровень m
001 Контрольный номер RU/ГПНТБ России/KNIGADB/81.411.22-5я73/Р 83-146736932
005 Дата корректировки 20260615144829.8
010 Индекс ISBN __
a ISBN 978-5-9765-1217-7
9 Тираж 100 экз.
100 Данные общей обработки __
a Данные общей обработки 20260615d2023 mk y0rusy028902 ca
101 Язык документа 0_
a Язык текста rus
102 Страна публикации __
a Страна публикации RU
105 Кодированные данные (монография) __
a Кодированные данные (монография) y j 000yy
181 Поле кодированных данных: вид содержания _0
a Код вида содержания (ISBD) i
182 Поле кодированных данных: тип средства _0
a Код типа средства (ISBD) n
200 Заглавие и сведения об ответственности 1_
a Заглавие Стилистика и литературное редактирование рекламных и PR-текстов
e Сведения, относящиеся к заглавию учебное пособие : для студентов вузов, обучающихся по направлениям подготовки (специальностям) "Связи с общественностью" и "Реклама"
f Первые сведения об ответственности Н. Б. Руженцева
203 Вид содержания и тип средства __
c Тип средства непосредственный
a Вид содержания Текст
205 Сведения об издании __
a Основные сведения об издании 5-е издание, стереотипное
210 Выходные данные 1_
a Место издания Москва
c Издательство Флинта
d Дата издания 2023
215 Физическое описание __
a Объем 179, [1] с.
d Формат 21 см
320 Библиография __
a Библиография Библиография в конце книги
330 Аннотация __
a Аннотация Книга содержит теоретический и практический материал курсов "Стилистика", "Литературное редактирование рекламных и PR - текстов", который позволит приобрести опыт самостоятельной работы с текстами функциональных стилей, сформировать навыки успешной коммуникации, осуществлять редакторскую правку текстов различных жанров.
606 Тематические рубрики __
a Основная рубрика Языкознание
2 Код системы nlr_sh
606 Тематические рубрики __
2 Код системы nlr_sh
a Основная рубрика Лексикология
610 Ключевые слова 0_
a Ключевые слова стилистика языка
610 Ключевые слова 0_
a Ключевые слова литературное редактирование
610 Ключевые слова 0_
a Ключевые слова рекламные тексты
610 Ключевые слова 0_
a Ключевые слова PR-тексты
610 Ключевые слова 0_
a Ключевые слова редакторская практика
610 Ключевые слова 0_
a Ключевые слова создание рекламных текстов
610 Ключевые слова 0_
a Ключевые слова редактирование текста
610 Ключевые слова 0_
a Ключевые слова публицистический стиль
610 Ключевые слова 0_
a Ключевые слова язык рекламы
686 Индексы других классификаций __
2 Код системы rubbks
a Классификационный индекс 81.055.51я73
700 Автор _1
a Фамилия Руженцева
b Имя Н. Б.
g Полное личное имя Наталья Борисовна
4 Код отношения 070
801 Источник записи _0
b Организация ГПНТБ России
a Страна RU
c Дата составления 20260615
g Правила каталогизации PSBO
801 Источник записи _1
b Организация ГПНТБ России
a Страна RU
c Дата составления 20260615
g Правила каталогизации PSBO
852 Данные о местонахождении 5_
j Шифр хранения 81.055.51я73
i Авторский знак Р 83
901 Тип документа __
a Ответственный КиК/Обаева
t Тип документа m
901 Тип документа __
a Ответственный без партии
903 Характеристики (МАРС) __
a Дата передачи 20260615
c Наименование библиотеки (МАРС) Муниципальное бюджетное учреждение культуры "Централизованная библиотечная система" г. Сургут (Центральная городская библиотека им. А. С. Пушкина)
969 Тип издания __
a Тип издания Ф 26
a Тип издания учебное пособие